<?xml version="1.0" encoding="UTF-8"?>
<record
    xmlns:xsi="http://www.w3.org/2001/XMLSchema-instance"
    xsi:schemaLocation="http://www.loc.gov/MARC21/slim http://www.loc.gov/standards/marcxml/schema/MARC21slim.xsd"
    xmlns="http://www.loc.gov/MARC21/slim">

  <leader>00953nam a2200265Ia 4500</leader>
  <controlfield tag="003">OSt</controlfield>
  <controlfield tag="005">20221005112649.0</controlfield>
  <controlfield tag="006">a|||||r|||| 00| 0 </controlfield>
  <controlfield tag="007">ta</controlfield>
  <controlfield tag="008">221004b        |||||||| |||| 00| 0 pan d</controlfield>
  <datafield tag="020" ind1=" " ind2=" ">
    <subfield code="c">Indian Rupees 300</subfield>
  </datafield>
  <datafield tag="024" ind1=" " ind2=" ">
    <subfield code="a">33751</subfield>
  </datafield>
  <datafield tag="037" ind1=" " ind2=" ">
    <subfield code="b">Gift, 27/09/2017,</subfield>
    <subfield code="c">Textual</subfield>
  </datafield>
  <datafield tag="040" ind1=" " ind2=" ">
    <subfield code="a">CRL</subfield>
    <subfield code="c">CRL</subfield>
    <subfield code="b">pan</subfield>
  </datafield>
  <datafield tag="041" ind1=" " ind2=" ">
    <subfield code="2">pan</subfield>
    <subfield code="a">pan</subfield>
  </datafield>
  <datafield tag="082" ind1=" " ind2=" ">
    <subfield code="a">Q8441:21:g, 153K4;Q7.1-.10</subfield>
  </datafield>
  <datafield tag="100" ind1=" " ind2=" ">
    <subfield code="a">&#xA38;&#xA3E;&#xA39;&#xA3F;&#xA2C; &#xA38;&#xA3F;&#xA70;&#xA18;, &#xA02;&#xA1A;.</subfield>
  </datafield>
  <datafield tag="245" ind1=" " ind2="0">
    <subfield code="a">&#xA38;&#xA4D;&#xA30;&#xA40; &#xA17;&#xA41;&#xA30;&#xA42; &#xA17;&#xA4D;&#xA30;&#xA70;&#xA25; &#xA38;&#xA3E;&#xA39;&#xA3F;&#xA2C; &#xA26;&#xA30;&#xA2A;&#xA23;</subfield>
  </datafield>
  <datafield tag="260" ind1=" " ind2=" ">
    <subfield code="a">&#xA1C;&#xA32;&#xA70;&#xA27;&#xA30;</subfield>
    <subfield code="b">&#xA30;&#xA3E;&#xA1C; &#xA2A;&#xA2C;&#xA32;&#xA3F;F&#xA30;&#xA17;&#xA3C; &#xA2D;&#xA3E;&#xA30;&#xA24;      </subfield>
    <subfield code="c">2017</subfield>
  </datafield>
  <datafield tag="490" ind1=" " ind2=" ">
    <subfield code="v">&#xA2D;&#xA3E;&#xA17; 1</subfield>
  </datafield>
  <datafield tag="650" ind1=" " ind2=" ">
    <subfield code="a"> &#xA17;&#xA41;&#xA30;&#xA42; &#xA17;&#xA4D;&#xA30;&#xA70;&#xA25; &#xA38;&#xA3E;&#xA39;&#xA3F;&#xA2C;</subfield>
    <subfield code="9">624388</subfield>
  </datafield>
  <datafield tag="650" ind1=" " ind2=" ">
    <subfield code="a">&#xA38;&#xA3F;&#xA71;&#xA16; &#xA27;&#xA30;&#xA2E;</subfield>
    <subfield code="9">156314</subfield>
  </datafield>
  <datafield tag="942" ind1=" " ind2=" ">
    <subfield code="h">Q8441:21:g, 153K4;Q7.1-.10</subfield>
    <subfield code="c">TEXL</subfield>
    <subfield code="2">cc</subfield>
  </datafield>
  <datafield tag="999" ind1=" " ind2=" ">
    <subfield code="c">1025579</subfield>
    <subfield code="d">1025579</subfield>
  </datafield>
  <datafield tag="952" ind1=" " ind2=" ">
    <subfield code="0">0</subfield>
    <subfield code="1">0</subfield>
    <subfield code="4">0</subfield>
    <subfield code="7">0</subfield>
    <subfield code="a">CRL</subfield>
    <subfield code="b">CRL</subfield>
    <subfield code="d">2022-10-05</subfield>
    <subfield code="e">Gift, 27/09/2017,</subfield>
    <subfield code="h">&#xA2D;&#xA3E;&#xA17; 1</subfield>
    <subfield code="l">0</subfield>
    <subfield code="o">Q8441:21:g 153K4;Q7.1-.10</subfield>
    <subfield code="p">CL1171631</subfield>
    <subfield code="r">2022-10-05 00:00:00</subfield>
    <subfield code="w">2022-10-05</subfield>
    <subfield code="y">TEXL</subfield>
  </datafield>
</record>
